| 000 | 00781cam a22002535a 4500 | ||
|---|---|---|---|
| 001 | 18107757 | ||
| 005 | 20161010145253.0 | ||
| 008 | 140408t2015 enka frb 001 0 eng d | ||
| 020 | _a9781118808566 | ||
| 040 |
_aDLC _beng _cDLC _dDLC _dEG-ScBUE |
||
| 082 | 0 | 4 |
_a330.01519233 _222 _bEND |
| 100 | 1 |
_aEnders, Walter, _d1948- _941406 |
|
| 245 | 1 | 0 |
_aApplied econometric time series / _cWalter Enders. |
| 250 | _a4th ed. | ||
| 260 |
_aHoboken : _bJohn Wiley & Sons, _cc.2015. |
||
| 300 |
_ax, 485 p. : _bill. ; _c24 cm. |
||
| 500 | _aIndex : p. 479-485. | ||
| 504 | _aIncludes bibliographical references. | ||
| 650 | 7 |
_aEconometrics. _2BUEsh _93215 |
|
| 650 | 7 |
_aTime-series analysis. _2BUEsh _93156 |
|
| 653 |
_bBUSECO _cOctober2016 |
||
| 655 |
_vReading book _934232 |
||
| 942 | _2ddc | ||
| 999 |
_c22493 _d22465 |
||